00565 2200205 4500001002100000005001500021035002000036245005600056100001700112250002000129260004700149300003400196020001800230084001600248082001000264650001800274008004100292990001300333990001300346INLIS00000000000888920251224020031 a0010-01230004301 aInspirasi kerajinan berbahan kertas /cYongki Brata aYongki Brata aCetakan Pertama ayogyakarta :bHijaz Pustaka Mandiri,c2019 a122 halaman :bilus ;c20 cm. a9786025790553 a745.5 YON i a745.5 4aSeni Dekorasi251224 g 0 ind  a022.1655 a022.1656